000 00506nam a2200193Ia 4500
005 20240823021452.0
008 240823s9999||||xx |||||||||||||| ||und||
020 _a0-07-059847-9
041 _aENGLISH
082 _A650.13 P4
100 _a"Mandell,Terri"
245 0 _aPower Schmoozing : The New Etiquette For Social and Business success
250 _a1st
260 _c2004
_b"Tata Mcgraw Hill,New "
500 _aYES
650 _aBusiness
_bManagement Studies
942 _cBK
999 _c177088
_d177088